Engineering geology for civil engineers (Record no. 5006)

MARC details
000 -LEADER
fixed length control field 00407nam a22001697a 4500
005 - DATE AND TIME OF LATEST TRANSACTION
control field 20160701104613.0
008 - FIXED-LENGTH DATA ELEMENTS--GENERAL INFORMATION
fixed length control field 160701b xxu||||| |||| 00| 0 eng d
020 ## - INTERNATIONAL STANDARD BOOK NUMBER
ISBN 978-81-203-4495-2
041 ## - LANGUAGE CODE
Language code of text/sound track or separate title eng
082 ## - DEWEY DECIMAL CLASSIFICATION NUMBER
Item number 20212
100 ## - MAIN ENTRY--AUTHOR NAME
Personal name Varghees PC
245 ## - TITLE STATEMENT
Title Engineering geology for civil engineers
260 ## - PUBLICATION, DISTRIBUTION, ETC. (IMPRINT)
Name of publisher PHI
Year of publication 2012
300 ## - PHYSICAL DESCRIPTION
Number of Pages 234
650 ## - SUBJECT ADDED ENTRY--TOPICAL TERM
Topical Term Diploma Engineering
942 ## - ADDED ENTRY ELEMENTS (KOHA)
Koha item type Books
Holdings
Lost status Damaged status Collection code Home library Current library Shelving location Date acquired Cost, normal purchase price Full call number Accession Number Koha item type
    MINING JRU Library JRU Library SHELF-88-C 01/07/2016 250.00 20212 20212 Books
    MINING JRU Library JRU Library SHELF-88-C 01/07/2016 250.00 20212 20213 Books
    Reference JRU Library   SHELF-72-B 01/07/2016 250.00 20212 20214 Books
    MINING JRU Library JRU Library SHELF-88-C 01/07/2016 250.00 20212 20215 Books
    MINING JRU Library JRU Library SHELF-88-C 01/07/2016 250.00 20212 20216 Books
    MINING JRU Library JRU Library SHELF-88-C 01/07/2016 250.00 20212 20217 Books
    MINING JRU Library JRU Library SHELF-88-C 01/07/2016 250.00 20212 20218 Books
    MINING JRU Library JRU Library SHELF-88-C 01/07/2016 250.00 20212 20219 Books
    MINING JRU Library JRU Library SHELF-88-C 01/07/2016 250.00 20212 20220 Books
    MINING JRU Library JRU Library SHELF-88-C 01/07/2016 250.00 20212 20221 Books